00994naa a2200157 i 45000010005000000030009000050050017000140080039000310400021000701000155000912450155002466550030004017000157004317000144005887730104007329502KOSZ 00520180426111213.0151126s2009 pl f |100 0 pol cBPKdKOSZ 005/EG1 aWAWRYN, Krzysztof.d1996 - .bPolitechnika Koszalińska - Wydział Elektroniki i Informatyki,cKatedra Systemów Cyfrowego Przetwarzania Sygnałów10aLow power current mode pipelined A/D converter with 2.5-bit/stage and digital correction /cKrzysztof Wawryn, Robert Suszyński, Bogdan Strzeszewski. 0aMateriały konferencyjne.1 aSUSZYŃSKI, Robert.bPolitechnika Koszalińska - Wydział Elektroniki i Informatyki,cKatedra Systemów Cyfrowego Przetwarzania Sygnałówd1996 - .1 aSTRZESZEWSKI, Bogdan.bPolitechnika Koszalińska - Wydział Elektroniki,cKatedra Systemów Cyfrowego Przetwarzania Sygnałówd1996 - .0 iW :tProceedings of 12th International Symposium on Integrated Circuits, Singapore. -g2009, s. 1-4